| 000 | 00993naa a22002657a 4500 | ||
|---|---|---|---|
| 001 | BR8705763 | ||
| 003 | BR-BrBNA | ||
| 005 | 20240918175846.0 | ||
| 007 | ta | ||
| 008 | 230509b bl.||||| |||| 00| 0 por d | ||
| 040 |
_aBR-BrBNA _bpor _cBiblioteca Nacional de Agricultura |
||
| 041 | _a(Pt) | ||
| 072 | _aP30 | ||
| 090 | _aP30 BR8705763 | ||
| 100 | 1 | _aStrijiber, J.W. | |
| 100 | 1 | _aPits, E. | |
| 111 | 1 |
_aSimposio Nacional de Solos Organicos _cCuritiba, PR (Brazil) _d26-30 Nov 1984 |
|
| 245 | 1 | _aExperiencias praticas no uso de solos organicos por agricultores | |
| 260 | 3 |
_aCuritiba, PR (Brasil): _c1984. |
|
| 500 | _aMazuchowski, J.Z. (ed.) Anais do Simposio Nacional de Solos Organicos Curitiba, PR (Brasil): 1984. p. 35-38 (BR8705763-AM)P30 | ||
| 650 | _aSOLO ORGANICO | ||
| 773 | 0 |
_tAnais do Simposio Nacional de Solos Organicos _aMazuchowski, J.Z. (ed.) _wP30 BR8705763 _gCuritiba, PR (Brasil), 1984. p. 35-38 |
|
| 909 |
_a202404 _bLucia _c55 _dLucia Elande |
||
| 942 |
_cAM _2AGRIS |
||
| 999 |
_c318466 _d318466 |
||